00630nam a22002057a 450000500170000001000130001702000230003003500130005303700160006604000120008208200170009424500720011126000460018327000630022930000240029250000360031665000310035265000220038370000190040520170124110033.0 aA-709715 c280.00a0195625439 aA-709715 bCen Lib/Ret aDPLbEN a301.153bESS aThe essential writings of Mahatma Gandhi /cedited by Raghavan Iyer aNew DelhibOxford University Press c1991 aYMCA Library Building, Jai Singh Road bNew Delhie110001 axvi,441p.c22cm(Hb) aIncludes index and bibliography aPolitical and social views aPolitical science aIyer, Raghavan